Charlesworth and Percy on negligence (Record no. 101252)
[ view plain ]
| 000 -LEADER | |
|---|---|
| fixed length control field | 02567cam a2200493 4500 |
| 001 - CONTROL NUMBER | |
| control field | ##J111542 |
| 008 - FIXED-LENGTH DATA ELEMENTS--GENERAL INFORMATION | |
| fixed length control field | 000000n2001 000 0 eng u |
| 020 ## - INTERNATIONAL STANDARD BOOK NUMBER | |
| International Standard Book Number | 0421825901 |
| 035 ## - SYSTEM CONTROL NUMBER | |
| System control number | (Sirsi) u111542 |
| 041 0# - LANGUAGE CODE | |
| Language code of text/sound track or separate title | eng |
| 050 04 - LIBRARY OF CONGRESS CALL NUMBER | |
| Classification number | 346.41032 $2 18 |
| 100 1# - MAIN ENTRY--PERSONAL NAME | |
| Personal name | Walton, Christopher Thomas |
| 245 00 - TITLE STATEMENT | |
| Title | Charlesworth and Percy on negligence |
| 250 ## - EDITION STATEMENT | |
| Edition statement | 10th ed. |
| 260 ## - PUBLICATION, DISTRIBUTION, ETC. | |
| Place of publication, distribution, etc. | London |
| Name of publisher, distributor, etc. | Sweet and Maxwell |
| Date of publication, distribution, etc. | 2001 |
| 300 ## - PHYSICAL DESCRIPTION | |
| Extent | ccxlviii, 1068p. |
| Dimensions | 24cm. |
| 350 ## - PRICE (NR) (BK AM CF MU VM SE) [OBSOLETE] | |
| Price | 225 |
| 490 #0 - SERIES STATEMENT | |
| Series statement | Sweet and Maxwell Common Law Library |
| Volume/sequential designation | 6 |
| 505 2# - FORMATTED CONTENTS NOTE | |
| Formatted contents note | General principles: The meaning of negligence -- The duty to take care -- Principal defences and discharges from liability -- Damages -- Proof of actionable negligence |
| 505 2# - FORMATTED CONTENTS NOTE | |
| Formatted contents note | Standard of care: The standard of care -- Dangerous premises -- Persons professing some special skill -- Highways and transport -- Employment at common law |
| 505 2# - FORMATTED CONTENTS NOTE | |
| Formatted contents note | Statutory duty: liability for breach of statutory duty |
| 505 2# - FORMATTED CONTENTS NOTE | |
| Formatted contents note | Absolute or strict liability: Dangerous things "Rylands v Fletcher" -- Animals -- Products liability |
| 505 2# - FORMATTED CONTENTS NOTE | |
| Formatted contents note | Death: Death and causes of action |
| 505 2# - FORMATTED CONTENTS NOTE | |
| Formatted contents note | Miscellanous matters: Insurance and other compensation schemes |
| 520 ## - SUMMARY, ETC. | |
| Summary, etc. | The standard work on professional negligence covering the liability of occupiers, quantity surveyors, auctioneers, arbitrators, valuers, estate agents and practitioners. Tables of cases, statutory instruments, civil procedure rules, civil procedure rules practice directions, European directives and European and international conventions and treaties. |
| 520 ## - SUMMARY, ETC. | |
| Summary, etc. | Superseded by eleventh edition (ISBN 0421954304) |
| 650 24 - SUBJECT ADDED ENTRY--TOPICAL TERM | |
| Topical term or geographic name entry element | OCCUPIERS LIABILITY ACT 1984 |
| 650 24 - SUBJECT ADDED ENTRY--TOPICAL TERM | |
| Topical term or geographic name entry element | FRAMEWORK DIRECTIVE |
| 650 24 - SUBJECT ADDED ENTRY--TOPICAL TERM | |
| Topical term or geographic name entry element | MANAGEMENT OF HEALTH AND SAFETY AT WORK REGULATIONS 1999 |
| 650 24 - SUBJECT ADDED ENTRY--TOPICAL TERM | |
| Topical term or geographic name entry element | WORKPLACE (HEALTH, SAFETY AND WELFARE) REGULATIONS 1992 |
| 650 24 - SUBJECT ADDED ENTRY--TOPICAL TERM | |
| Topical term or geographic name entry element | CONSTRUCTION (HEALTH, SAFETY AND WELFARE) REGULATIONS 1996 |
| 650 24 - SUBJECT ADDED ENTRY--TOPICAL TERM | |
| Topical term or geographic name entry element | PROVISION AND USE OF WORK EQUIPMENT REGULATIONS 1998 |
| 650 24 - SUBJECT ADDED ENTRY--TOPICAL TERM | |
| Topical term or geographic name entry element | LIFTING OPERATIONS AND LIFTING EQUIPMENT REGULATIONS 1998 |
| 650 24 - SUBJECT ADDED ENTRY--TOPICAL TERM | |
| Topical term or geographic name entry element | CONTROL OF SUBSTANCES HAZARDOUS TO HEALTH REGULATIONS |
| 650 24 - SUBJECT ADDED ENTRY--TOPICAL TERM | |
| Topical term or geographic name entry element | PERSONAL PROTECTIVE EQUIPMENT AT WORK REGULATIONS 1992 |
| 650 24 - SUBJECT ADDED ENTRY--TOPICAL TERM | |
| Topical term or geographic name entry element | MANUAL HANDLING OPERATIONS REGULATIONS 1992 |
| 650 24 - SUBJECT ADDED ENTRY--TOPICAL TERM | |
| Topical term or geographic name entry element | RYLANDS V FLETCHER |
| 650 24 - SUBJECT ADDED ENTRY--TOPICAL TERM | |
| Topical term or geographic name entry element | CONSUMER PROTECTION ACT 1987 |
| 690 ## - LOCAL SUBJECT ADDED ENTRY--TOPICAL TERM (OCLC, RLIN) | |
| Topical term or geographic name as entry element | MANAGEMENT-BUSINESS MANAGEMENT-PROFESSIONAL PRACTICE-NEGLIGENCE |
| 700 1# - ADDED ENTRY--PERSONAL NAME | |
| Personal name | Cooper, Roger |
| 700 1# - ADDED ENTRY--PERSONAL NAME | |
| Personal name | Wood, Simon E. |
| 700 1# - ADDED ENTRY--PERSONAL NAME | |
| Personal name | Percy, R. A. |
| Relator term | Consultant Editor |
| 942 ## - ADDED ENTRY ELEMENTS (KOHA) | |
| Suppress in OPAC | 0 |
No items available.